A representation theory for commutative topological algebra

Αποθηκεύτηκε σε:
Λεπτομέρειες βιβλιογραφικής εγγραφής
Κύριος συγγραφέας: Kadison, Richard V. 1925-
Μορφή: Βιβλίο
Γλώσσα:English
Δημοσίευση: Providence, Rhode island : American Mathematical Society, 1951
Σειρά:Memoirs of the American Mathematical Society ; ; 7
Θέματα:
Ετικέτες: Προσθήκη ετικέτας
Δεν υπάρχουν, Καταχωρήστε ετικέτα πρώτοι!

MARC

LEADER 00000nam a2200000 i 4500
001 1/45196
008 941103s1951 eng d
020 |a 0-8218-1207-6 
035 |a 1993  |l 10042478 
040 |a GR-MY-UA  |b gre  |e aacr 
041 0 |a eng 
082 0 |a 512.55 
100 1 |a Kadison, Richard V.  |d 1925-. 
245 1 2 |a A representation theory for commutative topological algebra /  |c Richard V. Kadison 
260 |a Providence, Rhode island :   |b American Mathematical Society,   |c 1951 
300 |a 39 p.;  |c 25 cm. 
490 1 |a Memoirs of the American Mathematical Society  |v ; 7 
500 |a Includes bibliography 
650 0 0 |a Topological algebras. 
650 0 0 |a Mathematical analysis. 
830 0 |a Memoirs of the American Mathematical Society ;  |v ; 7 
852 |a INST  |b SAMOS  |e 19941103  |h 512.55 KAD  |p 005300009316  |q 005300009316  |t BK  |y 0 
909 |a Σ  |b 030485